Biblioteca y Centro de Documentación

Los medios de comunicación social ante la España actual (Registro nro. 18532)

Detalles MARC
000 -CABECERA
Longitud fija campo de control 01477nam a2200373 c 4500
001 - NÚMERO DE CONTROL
Número de control 18532
003 - IDENTIFICADOR DE NÚMERO DE CONTROL
Identificador del número de control ES-MaCES
005 - FECHA Y HORA DE LA ÚLTIMA TRANSACCIÓN
Fecha y hora de la última transacción 20141221122541.0
008 - CAMPO FIJO DE DESCRIPCIÓN FIJA--INFORMACIÓN GENERAL
Códigos de información de longitud fija   060228s2005 sp t 100 | spa d
017 ## - NÚMERO DE REGISTRO DE DERECHOS DE AUTOR Y DEPÓSITO LEGAL
Número de copyright o de depósito legal M 32230-2005
Agencia que asigna el número DL
020 ## - ISBN (INTERNATIONAL STANDARD BOOK NUMBER)
Número Internacional Normalizado para Libros (ISBN) 8493398756
035 ## - NÚMERO DE CONTROL DEL SISTEMA
Número de control del sistema CES20060001663m
040 ## - FUENTE DE CATALOGACIÓN
Centro catalogador de origen ES-MaCES
Lengua de catalogación spa
Centro transcriptor ES-MaCES
111 2# - ENCABEZAMIENTO PRINCIPAL--NOMBRE DE REUNIÓN
Nombre de congreso o jurisdicción como elemento de entrada Ciclo de Conferencias "Los medios de Comunicación ante la España Actual"
Fecha del congreso 2004-2005
Sede del congreso Madrid
9 (RLIN) 963
245 14 - MENCIÓN DE TÍTULO
Título Los medios de comunicación social ante la España actual
Resto del título : colección de debates en el Fórum Europa 2004-2005
Mención de responsabilidad, etc. [recoge las ponencias y coloquios del Ciclo "Los medios de Comunicación ante la España Actual", celebrados en Fórum Europa (plataforma de debate de) Nueva Economía Fórum, durante el curso 2004-2005]
260 ## - PUBLICACIÓN, DISTRIBUCIÓN, ETC (PIE DE IMPRENTA)
Lugar de publicación, distribución, etc. Madrid
Nombre del editor, distribuidor, etc. Nueva Economía Fórum
Fecha de publicación, distribución, etc. [2005]
300 ## - DESCRIPCIÓN FÍSICA
Extensión 273 p.
Dimensiones 25 cm
500 ## - NOTA GENERAL
Nota general Edición con la colaboración de Caixa Galicia
541 ## - NOTA DE LA FUENTE INMEDIANTE DE ADQUISICIÓN
Forma de adquisición Gratuito
650 #4 - ASIENTO SECUNDARIO DE MATERIA--TÉRMINO DE MATERIA
Término de materia o nombre geográfico como elemento inicial medios de comunicación de masas
9 (RLIN) 27878
650 #4 - ASIENTO SECUNDARIO DE MATERIA--TÉRMINO DE MATERIA
Término de materia o nombre geográfico como elemento inicial televisión
9 (RLIN) 27887
650 #4 - ASIENTO SECUNDARIO DE MATERIA--TÉRMINO DE MATERIA
Término de materia o nombre geográfico como elemento inicial prensa
9 (RLIN) 27880
650 #4 - ASIENTO SECUNDARIO DE MATERIA--TÉRMINO DE MATERIA
Término de materia o nombre geográfico como elemento inicial medio audiovisual
9 (RLIN) 27479
650 #4 - ASIENTO SECUNDARIO DE MATERIA--TÉRMINO DE MATERIA
Término de materia o nombre geográfico como elemento inicial España
9 (RLIN) 26964
650 #4 - ASIENTO SECUNDARIO DE MATERIA--TÉRMINO DE MATERIA
Término de materia o nombre geográfico como elemento inicial 2004-2005
9 (RLIN) 31718
650 #4 - ASIENTO SECUNDARIO DE MATERIA--TÉRMINO DE MATERIA
Término de materia o nombre geográfico como elemento inicial tendencia
9 (RLIN) 28907
650 #4 - ASIENTO SECUNDARIO DE MATERIA--TÉRMINO DE MATERIA
Término de materia o nombre geográfico como elemento inicial conferencia
9 (RLIN) 27013
653 10 - TÉRMINO DE INDEXACIÓN--NO CONTROLADO
Término no controlado Transporte-Comunicaciones
710 2# - ENCABEZAMIENTO SECUNDARIO--NOMBRE CORPORATIVO
Nombre de entidad o nombre de jurisdicción como elemento inicial Fundación Caixa Galicia
Término indicativo de función col
9 (RLIN) 3769
710 2# - ENCABEZAMIENTO SECUNDARIO--NOMBRE CORPORATIVO
Nombre de entidad o nombre de jurisdicción como elemento inicial Nueva Economía Fórum
9 (RLIN) 4636
902 ## - CES. TIPO DE DOCUMENTO
Tipodoc (006$c Sirtex) LIB Libro
942 ## - ELEMENTOS KOHA
Fuente de clasificaión o esquema Clasificación propia del CES
Koha [por defecto] tipo de item Monografías
Parte de clasificación 5.2.
Existencias
Número de registro Signatura completa Tipo de item de Koha
063614 SG-5.2.-193 Monografías
© CES, Consejo Económico y Social de España 2021